01339nam a2200265 a 450000100100000000500170001000800410002702000150006804000250008308200220010811101030013024500610023326001040029430000210039849000300041949000130044950002390046265000850070165000760078665000180086271000510088071000990093183000300103083000130106000002654120240417195416.0110322s1999 dr 001 0 spa d z9993422089 aDO-SdBNPbspacBNPHU a342.729303bT147d2 aTaller sobre Los Derechos Humanos y Deberes en la Reforma Constitucional.d(1998 :cSanto Domingo)10aDerechos humanos y deberes en la reforma constitucional. aSanto Domingo :bComisión Presidencial para la Reforma y Modernización del EstadobPNUD,c1999. a106 p. ;c21 cm.1 aEstudios constitucionales1 aTalleres aIncluye los trabajos presentados durante las sesiones periódicas del "Taller sobre los derechos humanos y deberes en la reforma constitucional", realizados del 4 de agosto hasta el 24 de noviembre de 1998 en la UNPHU, Santo Domingo. 4aReformas constitucionaleszRepública DominicanavCONGRESOS, CONFERENCIAS, ETC. 4aDerechos humanoszRepública DominicanavCONGRESOS, CONFERENCIAS, ETC. 0aDerecho civil2 aPrograma de Naciones Unidas para el Desarrollo1 aRepública Dominicana.bComisión Presidencial para la Reforma y Modernización del Estado. 0aEstudios constitucionales 0aTalleres